Los miserables = Les misérables /

Gespeichert in:
Bibliographische Detailangaben
1. Verfasser: Lelouch, Claude (realización)
Weitere Verfasser: Lelouch, Claude (guión) (guión), Lelouch, Claude (fotógrafo) (fotógrafo), Pavans de Ceccatty, Philippe (fotógrafo) (fotógrafo), Luze, Hélène de (montaje) (montaje), Oliver, Melanie (montaje) (montaje), Lai, Francis (música) (música), Belmondo, Jean-Paul (actuación) (actuación), Boujenah, Michel (actuación) (actuación), Martines, Alessandra (actuación) (actuación)
Format: Dia
Sprache:Französisch
Veröffentlicht: París, Francia : Francia : Les Films 13 ; TF1 Films Production, 1995, c1995
Schlagworte:
Tags: Tag hinzufügen
Keine Tags, Fügen Sie das erste Tag hinzu!

MARC

LEADER 00000ngm^a2200000^a^4500
001 000365150
005 20250521000000.0
009 20260310115636.507
037 |a Acervo ITESO - Biblioteca 
041 |a FRA 
082 |a 840.  |b LEL 
100 |a Lelouch, Claude  |e (realización) 
240 1 5 |a [Los miserables. Adaptaciones] 
240 1 5 |a [Los miserables] 
245 1 4 |a Los miserables =  |b Les misérables /  |c Realización de C. Lelouch. 
264 4 |a París, Francia :  |b Les Films 13 ;  |a Francia :  |b TF1 Films Production,  |c 1995, c1995 
264 2 |a México :  |b Zima Entertainment [distribución],  |c 2013, c2013 
300 |a 1 DVD regiones 1 y 4  |c (170 min.) 
336 |a imagen móvil bidimensional  |b tdi  |2 rdacontenido 
337 |a video  |b v  |2 rdamedio 
338 |a videodisco  |b vd  |2 rdasoporte 
500 |a Basado en: Los miserables, de Víctor Hugo 
546 |a En francés, con subtítulos opcionales: español 
586 |a Premio BAFTA, de la Academia Británica de Cine y Televisión (49°: 1995): Mejor Película en Lengua No Inglesa (finalista) 
649 |a XX 
650 |a Víctimas de Guerra en el Cine 
650 |a Películas Históricas 
650 |a Melodramas 
650 |a Dramas Cinematográficos 
650 |a Cine Francés -  |y 1990-1999 
650 |a Cine Francés -  |y Siglo XX 
650 |a Novela Francesa -  |x Adaptaciones para Cine 
650 |a Literatura Francesa -  |y Siglo XIX -  |x Adaptaciones para Cine 
650 |a Literatura y Cine 
650 |a Francia -  |x Historia -  |y Ocupación Alemana, 1940-1944 -  |x Tema Principal 
650 |a Francia -  |x Historia -  |y Siglo XX 
650 |a Guerra Mundial (Segunda), 1939-1945 -  |x Historia 
700 |a Lelouch, Claude  |e (guión) 
700 |a Lelouch, Claude  |e (fotógrafo) 
700 |a Pavans de Ceccatty, Philippe  |e (fotógrafo) 
700 |a Luze, Hélène de  |e (montaje) 
700 |a Oliver, Melanie  |e (montaje) 
700 |a Lai, Francis  |e (música) 
700 |a Belmondo, Jean-Paul  |e (actuación) 
700 |a Boujenah, Michel  |e (actuación) 
700 |a Martines, Alessandra  |e (actuación) 
910 |a Fondo General 
920 |a Audiovisuales - DVDs 
940 |a Películas 
905 |a 302 
901 |a 0500242023  |b IT2  |c DVS  |i C148006  |u 20250521 
902 |a https://opac.biblio.iteso.mx/vufind/Record/000365150